000 02755nam0a2200373 4500
001 RU\NLR\BIBL_A\011429502
005 20240921124000.0
010 _a9785997342548
_9100
021 _aRU
_b2017-42493
_93089
035 _a(RuMoRGB)008908231
035 _a(NLR Aleph) 011429502
090 _a11645709
_c11645709
100 _a20170630d2017 k y0rusy50 ca
101 0 _arus
_aeng
_deng
102 _aRU
105 _aa z 000zy
200 1 _aОбеспечение национальной безопасности: национальные интересы Российской Федерации и стратегические национальные приоритеты
_eсборник трудов международной конференции [и круглого стола "Методология стратегического менеджмента: проблемы, пути решения"
_fсоставитель: А.Р. Багирзаде
_gпод редакцией д-ра экон. наук., проф. Л.П. Гончаренко и др.]
210 _aМосква
_cСпутник+
_d2017
215 _a238 с.
_cил.
_d20
300 _aВ надзаг.: Научно-исследовательский институт "Инновационная экономика", ФГБОУ ВО "РЭУ им. Г.В. Плеханова"
300 _aЧасть текста и рез. на англ. яз.
300 _aПосвящается 110-ой годовщине Университета им. Г.В. Плеханова
320 _aБиблиогр. в конце ст. и в подстроч. примеч.
606 1 _aНациональная безопасность
_jСъезды, совещания и т.п
_xОбеспечение
_yРоссийская Федерация
_92088713
_3RU\NLR\AUTH\661568018
686 1 _aХ621.162я431
702 1 _aБагирзаде
_bА. Р.
_4220
702 1 _aГончаренко
_bЛ. П.
_gЛюдмила Петровна
_4340
711 1 2 _a"Обеспечение национальной безопасности: национальные интересы Российской Федерации и стратегические национальные приоритеты", международная конференция
_eМосква
_f2017
_9562779
_3RU\NLR\AUTH\880449605
711 1 2 _a"Методология стратегического менеджмента: проблемы, пути решения", круглый стол
_eМосква
_f2017
_9562783
_3RU\NLR\AUTH\880449607
942 _cBOOK
980 _aNBR